00697nam a22001937a 450000500170000001000150001702000240003203500140005603700090007008200110007910000240009024500570011425000080017126000340017927001260021330000220033950001180036170000240047920250401160748.0 aENG-144382 a9788119626090c395p aEN-127914 bDBAD aS21st aSinha Smriti Kumar  aFreedom Lost in RightscSmriti Kumar SinhahEnglish  a1st aNew DelhibNiyogi Booksc2024 aBlock D, Building No.77 Okhla Industrial Area, Phase-I,bNew Delhie110020mniyogibooks@gmail.comk911126816301,268189660 a203p.c20 cm.(Pb) aFreedom Lost in Rights A collection of Bishnupriya Manipuri short stories by the author of Seducing the Rain God aSmriti Kumar Sinha